Strategic management : (Record no. 3115)

MARC details
000 -LEADER
fixed length control field 01689cam a22002054a 4500
020 ## - INTERNATIONAL STANDARD BOOK NUMBER
ISBN 9780073102467
020 ## - INTERNATIONAL STANDARD BOOK NUMBER
ISBN 0073102466
050 00 - CALL NUMBER
Classification number HD30.28
Item number .D4746
100 1# - AUTHOR
Personal name Dess, Gregory G.
245 10 - TITLE
Title Strategic management :
Remainder of title text and cases /
Statement of responsibility, etc Gregory G. Dess, G.T. Lumpkin, Alan B. Eisner.
250 ## - EDITION
Edition statement 3rd ed.
260 ## - PUBLICATION INFORMATION
Place of publication Boston :
Name of publisher McGraw-Hill/Irwin,
Year of publication 2007.
300 ## - DESCRIPTION
Number of Pages xxiv, 984 p. :
Other physical details col. ill. ;
Dimensions 26 cm.
500 ## - NOTES
General note Includes Index
505 ## - FORMATTED CONTENTS NOTE
Table of Content Part One: Strategic Analysis<br/>Chapter 1: Strategic Management: Creating Competitive Advantages<br/>Chapter 2: Analyzing the External Environment of the Firm <br/>Chapter 3: Assessing the Internal Environment of the Firm Chapter 4: Recognizing a Firm's Intellectual Assets: Moving beyond a Firm's Tangible Resources<br/><br/>Part Two: Strategic Formulation <br/>Chapter 5: Business-Level Strategy: Creating and Sustaining Competitive Advantages <br/>Chapter 6: Corporate-Level Strategy: Creating Value through Diversification<br/>Chapter 7: International Strategy: Creating Value in Global Markets <br/>Chapter 8: Entrepreneurial Strategy and Competitive Dynamics<br/><br/>Part Three: Strategic Implementation <br/>Chapter 9: Strategic Control and Corporate Governance <br/>Chapter 10: Creating Effective Organizational Designs <br/>Chapter 11: Strategic Leadership: Creating a Learning Organization and an Ethical Organization<br/>Chapter 12: Managing Innovation and Fostering Corporate Entrepreneurship<br/>Chapter 13: Recognizing Opportunities and Creating new Opportunities<br/><br/>Part Four: Case Analysis <br/>Chapter 14: Analyzing Strategic Management Cases.
650 #0 - SUBJECTS
Topical Term Strategic planning.
700 1# - OTHER AUTHORS
Personal name Lumpkin, G. T.
700 1# - OTHER AUTHORS
Personal name Eisner, Alan B.
942 ## - ADDED ENTRY ELEMENTS (KOHA)
Koha item type Books
Holdings
Withdrawn status Lost status Home library Current library Shelving location Date acquired Full call number Accession Number Koha item type
    Methodist University Library Tema Methodist University Library Tema Reference 27/04/2008 HD30.28 .D4746 21900 Books
Copyright © 2026  MUG Library